| 000 | 00603nam a2200217Ia 4500 | ||
|---|---|---|---|
| 008 | 240729s9999 xx 000 0 und d | ||
| 022 | _a1469-8161 | ||
| 245 | 0 | _aParasitology | |
| 260 | _aUnited Kingdom | ||
| 260 | _bCambridge University Press | ||
| 650 | _a Biochemistry | Medicine | ||
| 650 | _a Chemistry | ||
| 650 | _a Infectious and parasitic diseases | Science | ||
| 650 | _a Internal medicine | ||
| 650 | _a Microbiology | ||
| 650 | _a Organic chemistry | ||
| 650 | _aScience | ||
| 856 | _uhttps://doaj.org/toc/713247dc9fb34441a958cc9b558030c3 | ||
| 942 | _2ddc | ||
| 942 | _cDOAJEJ | ||
| 999 |
_c67595 _d67595 |
||
| 945 |
_a1 _bMadushi Gamage _c1 _dMadushi Gamage |
||